| 000 | 00000nas 2200000za 4500 |
| 001 | 9.505799 |
| 003 | CaOODSP |
| 005 | 20230105115010 |
| 007 | cr ||||||||||| |
| 008 | 150406c1986||||xxc|| m o||||f| |0eng|d |
| 040 | |aCaOODSP|beng |
| 043 | |an-cn--- |
| 086 | 1 |aYC25-0E-PDF |
| 110 | 1 |aCanada. |bParliament. |bSenate. |bStanding Committee on Fisheries and Oceans. |
| 245 | 10|aReport of the Standing Senate Committee on Fisheries and Oceans |h[electronic resource] |
| 246 | 3 |aReport of the Standing Committee on Fisheries |
| 260 | |aOttawa - Ontario : |bSenate. |c[October 2, 1986]-. |
| 310 | |aIrregular |
| 362 | 1 |a[33rd Parliament, 2nd Session, ?-th report]- |
| 500 | |a"Standing Senate Committee on Fisheries": name of the committee before the 37th Parliament, 2nd Session. Scope: major legislative and special study reports of the committee. |
| 690 | 07|aFisheries|2gcpds |
| 690 | 07|aOceans|2gcpds |
| 775 | 08|tRapport du Comité sénatorial permanent des pêches et océans |w(CaOODSP)9.502204 |
| 775 | 08|t[Report of the Standing Senate Committee on Fisheries and Oceans].|w(CaOODSP)9.918833 |
| 775 | 08|t[Report of the Standing Senate Committee on Fisheries and Oceans].|w(CaOODSP)9.918839 |